[Event "Vienna op"]
[Site "Vienna"]
[Date "1990.??.??"]
[Round "2"]
[White "Gavrikov, Viktor"]
[Black "Malyshev, Vasilij"]
[Result "1-0"]
[WhiteElo "2580"]
[BlackElo "2340"]
[Annotator "Schussler,H"]
[PlyCount "141"]
[EventDate "1990.10.??"]
[EventType "swiss"]
[EventRounds "9"]
[EventCountry "AUT"]
[SourceTitle "CBM 021"]
[Source "ChessBase"]
[SourceDate "1991.04.01"]
[SourceVersion "1"]
[SourceVersionDate "1991.04.01"]
[SourceQuality "1"]

1. c4 f5 2. d4 Nf6 3. Nc3 g6 4. g3 Bg7 5. Bg2 O-O 6. Nf3 d6 7. d5 {An unusual
but logical continuation. White immediately puts pressure on the important
square.} c5 8. O-O h6 9. Ne1 g5 10. Nd3 Qe8 11. a3 Qg6 12. Ra2 (12. Rb1 Ne4 13.
Nxe4 fxe4 14. Ne1 e3) 12... Ne4 13. Nb5 a6 14. Nc7 Ra7 15. f3 b6 16. Ne6 Bxe6
17. dxe6 Nf6 18. Nf2 Nc6 19. e3 Ne5 20. b3 Rc7 21. f4 Neg4 22. Nxg4 Nxg4 23.
Qd3 gxf4 24. exf4 Bd4+ 25. Kh1 Kh7 26. Re2 h5 27. Bd2 Qf6 28. h3 Nh6 29. Bf3
Qg6 30. Rg2 Qxe6 31. Bxh5 Qe4 32. Qxe4 fxe4 33. g4 e6 34. Re2 d5 35. cxd5 exd5
36. f5 Re7 37. Kg2 e3 38. Bc1 Kg7 39. Rf3 Re4 40. Bxe3 Ng8 41. Bxd4+ cxd4 42.
Rd2 Nf6 43. Bg6 Nd7 44. Rfd3 Ne5 45. Rxd4 Re3 46. Rxd5 Nxg6 47. fxg6 Rff3 48.
Rh5 Rxb3 49. Rd6 Rf6 50. Rxf6 Kxf6 51. Rg5 Kg7 52. h4 Rxa3 53. Rd5 {53.h5 + -}
Kxg6 54. Rd6+ Kg7 55. Rxb6 $18 Ra2+ 56. Kg3 Ra3+ 57. Kf4 Ra4+ 58. Kf5 Ra5+ 59.
Ke6 Ra4 60. Rb7+ Kg6 61. h5+ Kh6 62. Kf5 Ra5+ 63. Kf4 Ra4+ 64. Kg3 a5 65. Rb6+
Kh7 66. Ra6 Ra1 67. Kh4 a4 68. Ra7+ Kg8 69. Kg5 a3 70. Kg6 Kf8 71. g5 1-0

[Event "Voskresensk"]
[Site "Voskresensk"]
[Date "1990.??.??"]
[Round "?"]
[White "Neverov, Valeriy"]
[Black "Vasiukov, Evgeni"]
[Result "1-0"]
[WhiteElo "2505"]
[BlackElo "2545"]
[Annotator "Schussler,H"]
[PlyCount "121"]
[EventDate "1990.07.??"]
[EventType "tourn"]
[EventRounds "11"]
[EventCountry "URS"]
[EventCategory "9"]
[SourceTitle "CBM 019"]
[Source "ChessBase"]
[SourceDate "1990.12.01"]
[SourceVersion "1"]
[SourceVersionDate "1990.12.01"]
[SourceQuality "1"]

1. d4 f5 2. g3 Nf6 3. Bg2 g6 4. Nf3 Bg7 5. O-O O-O 6. c4 d6 7. Nc3 Qe8 8. Re1
Qf7 9. Qd3 h6 10. b3 Nc6 11. Ba3 a5 12. Nb5 Ne8 13. Rad1 Nb4 14. Qb1 c6 15. Nc3
e5 16. dxe5 dxe5 17. Bb2 e4 18. Nd4 Nf6 19. f3 e3 20. a3 Na6 21. Qc1 Re8 22.
Rd3 Nc5 23. Rxe3 a4 24. b4 Qxc4 25. bxc5 Qxd4 26. Ne4 Nd5 27. Bxd4 Bxd4 28. Qc4
Bxe3+ 29. Kh1 Be6 30. Nd6 Reb8 31. Rd1 Ra5 32. Rxd5 Rxc5 (32... Bxd5 33. Qc3
Bxc5 34. Nxf5 $5 $14) 33. Qxc5 Bxc5 34. Rxc5 Rd8 35. Nxb7 Rd1+ 36. Bf1 Rxf1+
37. Kg2 Re1 38. Kf2 Rh1 39. Kg2 Re1 40. Kf2 Rh1 41. h4 Bd5 42. Nd8 Ra1 43. Nxc6
Bxc6 44. Rxc6 Kg7 45. h5 gxh5 46. Ke3 Rxa3+ 47. Kf4 Ra2 48. e3 h4 49. gxh4 Rh2
50. Kxf5 Rxh4 51. Rc7+ Kg8 52. f4 Rh3 53. e4 a3 54. e5 Rf3 55. Ra7 h5 56. Kg5
Rg3+ 57. Kxh5 Rg2 58. Rxa3 Kf7 59. Ra6 Rg1 60. Rf6+ Ke7 61. Rg6 1-0

[Event "Marseille"]
[Site "Marseille"]
[Date "1990.??.??"]
[Round "4"]
[White "Velikov, Petar"]
[Black "Bareev, Evgeny"]
[Result "1/2-1/2"]
[WhiteElo "2495"]
[BlackElo "2590"]
[Annotator "Schussler,H"]
[PlyCount "137"]
[EventDate "1990.06.??"]
[EventType "tourn"]
[EventRounds "9"]
[EventCountry "FRA"]
[EventCategory "11"]
[SourceTitle "CBM 020"]
[Source "ChessBase"]
[SourceDate "1991.02.01"]
[SourceVersion "1"]
[SourceVersionDate "1991.02.01"]
[SourceQuality "1"]

1. Nf3 f5 2. g3 Nf6 3. Bg2 g6 4. b3 Bg7 5. Bb2 O-O 6. O-O d6 7. d4 Qe8 8. c4
Na6 9. Nbd2 e5 10. dxe5 Ng4 11. Rb1 dxe5 12. h3 Nh6 13. Ba3 c5 14. e4 f4 15.
Ng5 Qe7 16. Ndf3 Kh8 17. Qd2 Ng8 18. h4 h6 19. Nh3 Bg4 20. Rbd1 Rad8 21. Qc3
Rxd1 22. Rxd1 fxg3 23. fxg3 Rxf3 24. Bxf3 Bxh3 25. Qd3 Nb4 26. Qd6 Qf7 27. Bg2
Bg4 28. Rf1 Qe6 29. Qxc5 Nc6 30. Qd6 Nf6 31. Qc7 Qd7 32. Qxd7 Nxd7 33. Bd6 Kg8
34. b4 Be6 35. Rc1 Bf8 36. Bxf8 Kxf8 37. a3 a5 38. Bf1 axb4 39. axb4 Nxb4 40.
Rb1 Na6 41. Rxb7 Nac5 42. Rc7 Nxe4 43. Bd3 Ndc5 44. Bc2 h5 45. Kg2 Bg4 46. Ra7
Bf5 47. Bxe4 Bxe4+ 48. Kf2 Bf5 49. Ke3 Ke8 50. Ra5 Nd7 51. c5 Nf6 52. c6 Kd8
53. Ke2 Ng4 54. Ra7 Be4 55. Rg7 Bxc6 56. Rxg6 Be8 57. Rg7 e4 58. Ke1 e3 59. Rh7
Bg6 60. Rg7 Bd3 61. Rg5 Kc7 62. Rd5 Bg6 63. Ke2 Kc6 64. Rg5 Be8 65. Rxg4 hxg4
66. Kxe3 Kd6 67. Kf4 Bd7 68. Kg5 Ke7 69. Kg6 {For instance 69. - Kf8 70.h5 Kg8
71.h6 Kh8 72.h7 Be8+ 73.Kg5 Bd7 74.Kg6 =} 1/2-1/2

[Event "Altensteig"]
[Site "Altensteig"]
[Date "1990.??.??"]
[Round "4"]
[White "Wirthensohn, Heinz"]
[Black "Topalov, Veselin"]
[Result "1-0"]
[WhiteElo "2430"]
[BlackElo "2475"]
[Annotator "Schussler,H"]
[PlyCount "53"]
[EventDate "1990.07.??"]
[EventType "tourn"]
[EventRounds "11"]
[EventCountry "GER"]
[EventCategory "9"]
[SourceTitle "CBM 020"]
[Source "ChessBase"]
[SourceDate "1991.02.01"]
[SourceVersion "1"]
[SourceVersionDate "1991.02.01"]
[SourceQuality "1"]

1. Nf3 f5 2. g3 Nf6 3. Bg2 g6 4. b3 Bg7 5. Bb2 O-O 6. O-O d6 7. d4 c6 8. Nbd2
Qe8 9. c4 Na6 10. Qc2 Rb8 11. a3 b5 12. b4 Nc7 13. Rac1 bxc4 14. Nxc4 Bh6 15.
e3 Ncd5 16. Nfd2 Bd7 17. Rce1 g5 18. e4 fxe4 19. Nxe4 Qg6 20. Nxf6+ Rxf6 21.
Qxg6+ hxg6 22. Na5 Kf8 23. Bc1 Rf7 24. Bd2 Bg7 25. Rc1 Rb6 $2 {25. - Bxd4!} 26.
Nxc6 $1 Bxc6 $2 {26. - Rxc6} 27. Bxd5 $1 $18 1-0

[Event "London WFW"]
[Site "London"]
[Date "1991.??.??"]
[Round "?"]
[White "Arkell, Keith C"]
[Black "King, Daniel J"]
[Result "1-0"]
[WhiteElo "2450"]
[BlackElo "2545"]
[Annotator "Schussler,H"]
[PlyCount "125"]
[EventDate "1991.05.??"]
[EventType "tourn"]
[EventRounds "13"]
[EventCountry "ENG"]
[EventCategory "11"]
[SourceTitle "CBM 024"]
[Source "ChessBase"]
[SourceDate "1991.10.01"]
[SourceVersion "1"]
[SourceVersionDate "1991.10.01"]
[SourceQuality "1"]

1. d4 d6 2. Nf3 g6 3. g3 Bg7 4. Bg2 f5 5. c4 Nf6 6. Nc3 O-O 7. d5 Na6 8. O-O
Qe8 9. Nd4 Bd7 10. e4 fxe4 11. Nxe4 Nxe4 12. Bxe4 c6 13. Re1 Nc7 14. Be3 c5 15.
Ne2 b5 16. cxb5 Nxb5 17. Rb1 Rb8 18. Qd2 Qf7 19. b4 Na3 20. Rb3 Nc4 21. Qc1
Nxe3 22. Qxe3 c4 23. Rbb1 c3 24. Rec1 Rbc8 25. f3 Rc4 26. b5 e6 27. Qd3 exd5
28. Bxd5 Be6 29. Bxe6 Qxe6 30. Nxc3 Rd4 31. Qe2 Qxe2 32. Nxe2 Rd2 33. Nf4 Rxa2
34. Ne6 Re8 35. Nxg7 Kxg7 36. Ra1 Rxa1 37. Rxa1 Re7 38. Ra6 Rd7 {39. - Rb7 =}
39. Kf2 Kf6 40. Ke3 Ke5 41. Ra5 d5 42. f4+ Kf5 43. Kf3 h5 44. h3 Rc7 45. g4+
hxg4+ 46. hxg4+ Kf6 47. Ra6+ $14 Kg7 48. Ke3 Rb7 49. Ra5 Rf7 50. Ra4 Rb7 51.
Ra5 Rf7 52. g5 Kh7 53. Ra4 Kg7 54. Ra5 Kh7 55. Kd4 Rxf4+ 56. Kxd5 Rf7 (56...
Rf5+ 57. Kc6 Rxg5 58. Rxa7+ {Not 58.b6? Rxa5 59.b7 Rb6+ followed by 60. - Rb6
- +} Kh6 59. b6 Rf5 {59. - Rg1 60.Ra5 + -} 60. b7 Rf6+ 61. Kd7 $18) 57. Ra6 Rb7
58. Kc6 Re7 59. Ra1 Re6+ 60. Kd7 Re5 61. Rxa7 Rxg5 62. b6 Kh6 63. b7 {63. -
Rb5 64.Kc6 Rxb7 (64. - Rb1 65.Ra5) 65.Rxb7 + -} 1-0

[Event "Kecskemet"]
[Site "Kecskemet"]
[Date "1990.??.??"]
[Round "1"]
[White "Barczay, Laszlo"]
[Black "Videki, Sandor"]
[Result "0-1"]
[WhiteElo "2335"]
[BlackElo "2440"]
[Annotator "Schussler,H"]
[PlyCount "34"]
[EventDate "1990.06.??"]
[EventType "tourn"]
[EventRounds "13"]
[EventCountry "HUN"]
[EventCategory "8"]
[SourceTitle "CBM 020"]
[Source "ChessBase"]
[SourceDate "1991.02.01"]
[SourceVersion "1"]
[SourceVersionDate "1991.02.01"]
[SourceQuality "1"]

1. d4 f5 2. Nf3 Nf6 3. g3 g6 4. Bg2 Bg7 5. O-O O-O 6. b3 d6 7. Bb2 Qe8 8. c4
Na6 9. Nc3 e5 10. dxe5 dxe5 11. e4 $6 f4 12. gxf4 Nh5 13. fxe5 c6 14. Ba3 Rf7
15. Qc1 Nf4 16. Bd6 Bh3 17. Ng5 Bxg2 0-1

[Event "Kecskemet"]
[Site "Kecskemet"]
[Date "1990.??.??"]
[Round "10"]
[White "Reeh, Oliver"]
[Black "Barczay, Laszlo"]
[Result "1-0"]
[WhiteElo "2425"]
[BlackElo "2335"]
[Annotator "Schussler,H"]
[PlyCount "35"]
[EventDate "1990.06.??"]
[EventType "tourn"]
[EventRounds "13"]
[EventCountry "HUN"]
[EventCategory "8"]
[SourceTitle "CBM 020"]
[Source "ChessBase"]
[SourceDate "1991.02.01"]
[SourceVersion "1"]
[SourceVersionDate "1991.02.01"]
[SourceQuality "1"]

1. d4 f5 2. g3 g6 3. Bg2 Nf6 4. Nf3 Bg7 5. O-O O-O 6. c4 d6 7. b3 Qe8 8. Bb2 e5
9. dxe5 Ng4 10. Qd5+ Kh8 11. Qd2 Nxe5 12. Nc3 h6 13. Nd5 Qf7 14. c5 $1 $14 {
A noteworthy idea. See also the game Ree,O-Ruf,M at this disk for a similar
move.} Nxf3+ 15. Bxf3 dxc5 16. Qxh6+ Kg8 17. Ne7+ Qxe7 18. Bd5+ 1-0

[Event "Helsinki op"]
[Site "Helsinki"]
[Date "1992.??.??"]
[Round "5"]
[White "Bagirov, Vladimir"]
[Black "Gurevich, Mikhail"]
[Result "1/2-1/2"]
[WhiteElo "2500"]
[BlackElo "2625"]
[Annotator "Schussler,H"]
[PlyCount "181"]
[EventDate "1992.09.??"]
[EventType "swiss"]
[EventRounds "9"]
[EventCountry "FIN"]
[SourceTitle "CBM 032"]
[Source "ChessBase"]
[SourceDate "1993.02.01"]
[SourceVersion "1"]
[SourceVersionDate "1993.02.01"]
[SourceQuality "1"]

1. Nf3 f5 2. d4 Nf6 3. g3 g6 4. Bg2 Bg7 5. b3 O-O 6. Bb2 d6 7. Nbd2 Qe8 8. c4
Na6 9. O-O h6 10. Qc2 g5 11. e4 fxe4 {11. - f4} 12. Nxe4 Qg6 13. Nxf6+ Qxf6 (
13... Rxf6 $2 14. Qxg6 Rxg6 15. Rfe1 $16) 14. Rae1 Bf5 {New.} (14... c6 15. Re3
Bf5 16. Qd2 Rf7 17. Rfe1 Re8 18. Bc3 $14 {Dreev-Motwani, Berlin 1991.}) 15. Qd2
Rae8 16. Ba1 {16.Re3} Qg6 17. Re3 c6 18. Rfe1 Rf7 19. Bc3 Nc7 20. d5 $1 Bxc3 (
20... cxd5 21. cxd5 Nb5 22. Bxg7 Qxg7 23. a4 Nc7 24. Nd4 $16 {(Bagirov)}) (
20... c5 21. Bxg7 Qxg7 22. h4 g4 23. Nh2 $16) 21. Rxc3 e5 22. dxe6 $1 Rxe6 23.
Rxe6 Qxe6 24. h4 $1 $16 gxh4 25. Nxh4 Bh7 26. Re3 Qf6 27. Be4 d5 28. Bxh7+ Kxh7
29. Qc2+ Kg8 (29... Kg7 30. Rf3 Qa1+ 31. Kg2) 30. cxd5 (30. Rf3 $2 Qa1+ 31. Kg2
Rxf3 32. Qg6+ $6 Qg7) 30... Nxd5 31. Re8+ Kg7 (31... Rf8 32. Rxf8+ Qxf8 33.
Qg6+ Qg7 34. Qe8+ Qf8 35. Qe6+ Kh7 36. Qg6+ Kh8 37. Nf5 $18 {(Bagirov)}) 32.
Re4 {32.Qe2?! Nf4! ~/=} h5 33. Qd2 Kf8 34. Kg2 Rg7 35. Qc1 Rf7 36. Qe1 a6 37.
Re5 Re7 38. Rxe7 Nxe7 39. Qb4 b5 40. Qc5 Ke8 $2 {40. - Qf7 +/-} 41. Qxh5+ Kd8
42. Qc5 Nd5 43. Nf3 Kc8 44. Qa7 Nc7 45. Qd4 Qe7 46. Ne5 c5 47. Qg4+ Ne6 48. f4
{48.Qe4!? + -} Qd6 49. Qf3 Kc7 50. Qd3 $2 Qxd3 51. Nxd3 c4 52. bxc4 bxc4 53.
Nb4 Nd4 $1 54. Nxa6+ $2 {54.Kf2 + -} Kb6 55. Nb4 Kc5 56. a3 c3 57. g4 Kc4 58.
g5 Kb3 59. g6 Kxa3 60. Nd3 c2 61. Kh3 Ne6 62. Kg4 Nc5 63. Nc1 Kb2 64. g7 Kxc1
65. g8=Q Kd2 66. Qa2 Nd3 67. f5 Kd1 68. Kf3 Ne5+ $1 (68... Ne1+ 69. Kf2 Nd3+
70. Ke3 $1 c1=Q+ 71. Kxd3 $18) 69. Ke4 c1=Q 70. Qd5+ Ke2 71. Kxe5 Qg5 72. Qe4+
Kd1 73. Kd4 Qf6+ 74. Kd3 Qa6+ 75. Qc4 Qa3+ 76. Qc3 Qa6+ 77. Qc4 Qa3+ 78. Ke4
Qe7+ 79. Kf3 Qf6 80. Qe2+ $6 Kc1 81. Qe6 Qh8 82. f6 Qh1+ 83. Kg4 Qg2+ 84. Kh5
Qf3+ 85. Kg6 Qg3+ 86. Kh6 Qf4+ 87. Kg6 Qg3+ 88. Kf7 Qc7+ 89. Ke8 Qb8+ 90. Ke7
Qc7+ 91. Qd7 $18 1/2-1/2

[Event "Buenos Aires Najdorf"]
[Site "Buenos Aires"]
[Date "1993.??.??"]
[Round "11"]
[White "Larsen, Bent"]
[Black "Kortschnoj, Viktor Lvovich"]
[Result "1-0"]
[WhiteElo "2540"]
[BlackElo "2605"]
[Annotator "Schussler,H"]
[PlyCount "85"]
[EventDate "1993.04.??"]
[EventType "tourn"]
[EventRounds "11"]
[EventCountry "ARG"]
[EventCategory "13"]
[SourceTitle "CBM 035"]
[Source "ChessBase"]
[SourceDate "1993.08.01"]
[SourceVersion "1"]
[SourceVersionDate "1993.08.01"]
[SourceQuality "1"]

1. c4 f5 2. d4 Nf6 3. Nc3 g6 4. g3 Bg7 5. Bg2 O-O 6. Nf3 d6 7. O-O Qe8 8. d5 (
8. Nd5 Nxd5 (8... Na6 $6 9. Nxf6+ Rxf6 10. Bg5 Rf7 11. Qd2 e5 12. Bh6 e4 13.
Ne1 Bf6 14. f3 e3 $2 15. Bxe3 Re7 16. Nc2 c5 17. Bh6 Rxe2 18. Rae1 $16 {
Barus,C-Nishimura,H,Jakarta zt 1993}) 9. cxd5 Qb5 10. Ng5 $5 {10.Ne1} Na6 (
10... Qb6 11. Be3 $14) (10... c6 11. e4 $1 fxe4 12. Nxe4 Qc4 13. Be3 $14 {
Linen Bueono-Georgadze,T, Malaga 1991}) (10... h6 11. a4 Qb6 12. Nf3 a5 13. Be3
Na6 14. Qd2 Kh7 15. Ne1 Nb4 16. Nc2 {+/=/+/- Hansen,LB-Malaniuk,V,Espergarde
PC 1992.}) 11. e4 (11. a4 Qb6 12. e3 h6 13. Nh3 g5 $13) 11... c6 12. Re1 fxe4
13. dxc6 d5 14. cxb7 Qxb7 15. Nxe4 dxe4 16. Bxe4 Qb8 17. Bf4 $13 {Peng
Zhaogin-Ioseliani,N,Shanghai ctw 1992}) 8... c6 (8... a5 $6 9. Be3 $1 h6 10.
Nb5 Qd8 11. Nfd4 Kh7 12. c5 $5 dxc5 13. Ne6 Bxe6 14. dxe6 Nc6 15. Bxc5 {
Pisulinski-Rublevskij,Russia 1992}) (8... Na6 9. Rb1 $1 (9. Nd4 Nc5 10. Nb3 $6
Nfe4 $1 {Rosenthal,D-Rostovtsev,Israel 1992}) 9... c5 (9... Bd7 10. b4 c6 11.
dxc6 bxc6 (11... Bxc6 $5 12. b5 Bxf3 13. Bxf3 Nc5 14. Be3 Rc8 15. Na4 $14 {
Hertneck,G-Lutz,C, Baden Baden 1992}) 12. b5 Nc5 13. Nd4 Nfe4 (13... cxb5 {
(Malaniuk,V)} 14. Bxa8 Qxa8 15. Ndxb5 {+/=/+/- Piket,J-Gurevich,M, Groningen
1992}) 14. Nxe4 Nxe4 15. bxc6 Bxc6 16. Ne6 $16) 10. dxc6 bxc6 11. b4 Bb7 12.
Nd4 Qc8 13. c5 $6 e5 14. Nb3 d5 15. Na5 Nc7 16. Qa4 Ne6 $13 {Schlosser,P-Lutz,
C, Graz zt 1993} 17. b5) 9. Rb1 $1 Na6 10. b4 cxd5 11. Nxd5 Nxd5 12. Qxd5+ Kh8
13. Bb2 $14 Nc7 14. Bxg7+ Kxg7 15. Qd2 Rf6 16. c5 Bd7 17. cxd6 exd6 18. Rfc1
Qd8 19. Nd4 $16 Rb8 20. b5 {20.h4} Ne6 21. Nxe6+ Bxe6 22. a4 Bf7 23. Qd4 b6 24.
Rc3 Rc8 25. Rbc1 Rxc3 26. Rxc3 h6 27. e3 g5 28. h3 $1 Kg6 29. g4 fxg4 30. hxg4
Kg7 31. f4 Qe7 32. f5 $18 h5 33. gxh5 Bxh5 34. Bd5 Bf7 35. e4 Bxd5 36. Qxd5 Qf7
37. Qd2 Qh5 38. Rg3 Kf8 39. Rxg5 Qh4 40. Qc1 Rh6 41. Qc8+ Ke7 42. Rg7+ Kf6 43.
Qc3# 1-0

[Event "Athens Akropolis 15th"]
[Site "Athens"]
[Date "1992.05.22"]
[Round "8"]
[White "Moutousis, Konstantinos"]
[Black "Santo Roman, Marc"]
[Result "0-1"]
[WhiteElo "2405"]
[BlackElo "2495"]
[Annotator "Schussler,H"]
[PlyCount "80"]
[EventDate "1992.05.14"]
[EventType "tourn"]
[EventRounds "9"]
[EventCountry "GRE"]
[EventCategory "8"]
[SourceTitle "CBM 030"]
[Source "ChessBase"]
[SourceDate "1992.10.01"]
[SourceVersion "1"]
[SourceVersionDate "1992.10.01"]
[SourceQuality "1"]

1. Nf3 f5 2. d4 Nf6 3. g3 g6 4. b3 Bg7 5. Bb2 O-O 6. Bg2 d6 7. Nbd2 (7. O-O h6
(7... Qe8 8. c4 h6 9. d5 (9. Nbd2 g5 10. e3 $5 c6 11. Qc2 Na6 12. Bc3 Qh5 13.
Rae1 Nc7 14. h3 Bd7 $10 {Brenninkmeijer,J-Van Mil,J, NLD-ch, CBM 30 game 513.})
9... c5 10. dxc6 bxc6 11. Nc3 Na6 12. Nd4 Bd7 13. Qd2 Rd8 14. Rad1 Nc5 15. Ba3
Nce4 $13 {Benko,P-Polgar,Zsu, Aruba 1992, CBM 20 game 14.}) 8. Nbd2 g5 9. Ne1
c6 10. Nd3 Qe8 11. e4 fxe4 12. Nxe4 Nxe4 13. Bxe4 Nd7 14. Bg2 Nf6 15. Qe2 Qf7
16. Rae1 Re8 {+/= / . Galliamova,A-Hassapis,D, Oakham 1992 CBM 30 game 628.})
7... Nc6 8. O-O Ne4 9. c4 e5 10. d5 Nxd2 11. Qxd2 Nb8 12. Ng5 Qe7 13. Rad1 Na6
$1 $10 (13... h6 $6 14. Ne6 Bxe6 15. dxe6 Nc6 16. c5 $1 Rfd8 17. cxd6 $14 {
Skembris,S-Santo Roman, M, Athens 1992. CBM 30 game 92.}) 14. b4 $6 Nxb4 $1 15.
Nxh7 Kxh7 16. Qxb4 f4 17. f3 b6 $17 18. e3 Qg5 19. exf4 exf4 20. Bc1 Be5 21.
Rfe1 Bd7 22. Re4 Rf7 23. Kh1 Rh8 24. Qd2 Kg8 25. Kg1 Qh5 $19 26. gxf4 Qxh2+ 27.
Kf2 Rh3 28. Qe1 Bf5 29. Rxe5 dxe5 30. Qxe5 Rg3 31. Rg1 Bh3 32. Bb2 Rxg2+ 33.
Rxg2 Qxg2+ 34. Ke1 Qh1+ 35. Kd2 Bf5 36. Bd4 Qh2+ 37. Kc3 a5 38. Qe8+ Rf8 39.
Qa4 Qe2 40. Be5 Qxf3+ {40. - Qe3+ 41.Kb2 Qd2+ - +} 0-1

[Event "Altensteig"]
[Site "Altensteig"]
[Date "1990.??.??"]
[Round "6"]
[White "Smejkal, Jan"]
[Black "Topalov, Veselin"]
[Result "1/2-1/2"]
[WhiteElo "2545"]
[BlackElo "2475"]
[Annotator "Schussler,H"]
[PlyCount "107"]
[EventDate "1990.07.??"]
[EventType "tourn"]
[EventRounds "11"]
[EventCountry "GER"]
[EventCategory "9"]
[SourceTitle "CBM 020"]
[Source "ChessBase"]
[SourceDate "1991.02.01"]
[SourceVersion "1"]
[SourceVersionDate "1991.02.01"]
[SourceQuality "1"]

1. Nf3 f5 2. g3 Nf6 3. Bg2 g6 4. b3 Bg7 5. Bb2 O-O 6. O-O d6 7. d4 Qe8 8. c4
Na6 9. Nbd2 c6 10. Qc2 h6 11. a3 g5 12. e3 Qh5 13. Rfe1 Rf7 14. Nf1 Bd7 15. Re2
Raf8 16. Rae1 Ne4 17. N3d2 Nxd2 18. Nxd2 e5 19. dxe5 dxe5 20. b4 b6 21. Nf3 Re8
22. Rd2 Nb8 23. Red1 e4 24. Ne1 Bxb2 25. Qxb2 Be6 26. Rd8 Rff8 27. Rxe8 Qxe8
28. Rd6 Qf7 29. c5 bxc5 30. bxc5 Nd7 31. Bf1 Bd5 32. Rxh6 Qg7 33. Qxg7+ Kxg7
34. Rd6 Nxc5 35. Nc2 Rf7 36. Rd8 Ne6 37. Rc8 c5 38. Bb5 Rb7 39. a4 a6 40. Bxa6
Rb1+ 41. Kg2 Bb3 42. Na3 Ra1 43. Nc4 Bd1 44. Nd2 g4 45. h4 gxh3+ 46. Kxh3 Bg4+
47. Kg2 Rd1 48. Nf1 Ng5 49. Rxc5 Rd6 50. Rc7+ Kf8 51. Bb5 Rh6 52. Nh2 Nf3 53.
Nxg4 fxg4 54. Rc8+ {54. - Ke7!? 55.Re8+ Kd6 56.Rxe4 Rh2+ 57.Kf1 Nd2+ 58.Kg1=,
or 55.Rc7+ = (55. - Kd8? 56.Rd7+ Kc8 57.Rd1).} 1/2-1/2

[Event "Bern zt"]
[Site "Bern"]
[Date "1990.??.??"]
[Round "9"]
[White "Lev, Ronen"]
[Black "Soffer, Ram"]
[Result "1/2-1/2"]
[WhiteElo "2390"]
[BlackElo "2440"]
[Annotator "Schussler,H"]
[PlyCount "77"]
[EventDate "1990.01.??"]
[EventType "tourn"]
[EventRounds "15"]
[EventCountry "SUI"]
[EventCategory "9"]
[SourceTitle "CBM 017"]
[Source "ChessBase"]
[SourceDate "1990.08.01"]
[SourceVersion "1"]
[SourceVersionDate "1990.08.01"]
[SourceQuality "1"]

1. d4 f5 2. g3 Nf6 3. Bg2 g6 4. Nf3 Bg7 5. O-O O-O 6. c4 d6 7. Nc3 Qe8 8. d5
Na6 9. Nd4 Bd7 10. e4 Nxe4 11. Nxe4 fxe4 12. Bxe4 Nc5 13. Bg2 Qf7 14. Be3 Qf6
15. b4 e5 16. Ne2 Na4 17. Rc1 b6 18. Qd2 a5 19. a3 Bg4 20. f3 Bd7 21. h3 e4 22.
Bd4 e3 23. Qd3 Qf5 24. Qxf5 Bxf5 25. Bxg7 Kxg7 26. Nd4 axb4 27. axb4 Nb2 28.
Rc3 Rfe8 29. Re1 e2 30. g4 Nd1 31. Rb3 Bd7 32. Rxe2 Rxe2 33. Nxe2 Ra1 34. Kh2
Ba4 35. Rd3 Bc2 36. Rd2 Bb3 37. Nd4 Bxc4 38. Ne6+ Kf6 39. Nxc7 {White is a
pawn up, but his pieces is uncoordinated.} 1/2-1/2

[Event "Linares 09th"]
[Site "Linares"]
[Date "1991.??.??"]
[Round "13"]
[White "Gelfand, Boris"]
[Black "Gurevich, Mikhail"]
[Result "0-1"]
[WhiteElo "2700"]
[BlackElo "2650"]
[Annotator "Schussler,H"]
[PlyCount "116"]
[EventDate "1991.02.??"]
[EventType "tourn"]
[EventRounds "13"]
[EventCountry "ESP"]
[EventCategory "17"]
[SourceTitle "CBM 022"]
[Source "ChessBase"]
[SourceDate "1991.06.01"]
[SourceVersion "1"]
[SourceVersionDate "1991.06.01"]
[SourceQuality "1"]

1. d4 f5 2. g3 Nf6 3. Bg2 g6 4. c4 Bg7 5. Nc3 O-O 6. Nf3 d6 7. O-O Qe8 8. d5
Na6 9. Rb1 Bd7 10. b4 c5 $1 11. dxc6 Bxc6 12. b5 $6 Bxf3 13. Bxf3 Nc5 14. Be3
Rc8 15. Bxc5 Rxc5 16. Bxb7 Rxc4 17. Bc6 Qf7 18. Rb3 Rc8 $6 19. a4 Rd8 20. a5 d5
21. a6 e6 22. Bb7 Ne8 23. Na2 Nd6 24. Nb4 Qc7 25. Nc6 Re8 26. Nxa7 Nxb7 27.
axb7 Qxb7 28. Nc6 Qb6 29. e3 Ra8 30. Qd3 Bf6 31. Rfb1 Kg7 32. Qe2 Raa4 33. Qd2
Rc5 34. Qd1 Ra2 35. Nd4 Kh6 36. Rb4 Rc3 37. R4b3 Rc5 38. Rb4 Ra5 39. Nc6 Raxb5
40. Rxb5 Rxb5 41. Rxb5 Qxb5 42. Nd4 Bxd4 43. exd4 Qb2 $17 44. Kg2 e5 45. dxe5
Qxe5 46. Qd2+ Kg7 47. f3 d4 48. Kf2 Qc5 49. Qb2 Kf6 50. Ke2 Qc4+ 51. Kd2 Kg5
52. Qa3 Qe6 53. Qb4 Qe3+ $19 54. Kc2 Qf2+ 55. Kc1 Qg1+ 56. Kc2 Qxh2+ 57. Kd3
Qxg3 58. Qe7+ Kh6 0-1

[Event "Espergarde PC"]
[Site "Espergarde"]
[Date "1992.??.??"]
[Round "9"]
[White "Hansen, Lars Bo"]
[Black "Malaniuk, Vladimir P"]
[Result "1/2-1/2"]
[WhiteElo "2530"]
[BlackElo "2540"]
[Annotator "Schussler,H"]
[PlyCount "57"]
[EventDate "1992.??.??"]
[EventType "tourn"]
[EventRounds "9"]
[EventCountry "DEN"]
[EventCategory "9"]
[SourceTitle "CBM 033"]
[Source "ChessBase"]
[SourceDate "1993.04.01"]
[SourceVersion "1"]
[SourceVersionDate "1993.04.01"]
[SourceQuality "1"]

1. d4 f5 2. g3 Nf6 3. Bg2 d6 4. Nf3 g6 5. O-O Bg7 6. c4 O-O 7. Nc3 Qe8 8. Nd5 (
8. d5 Na6 (8... a5 $6 9. Be3 $1 h6 10. Nb5 Qd8 11. Nfd4 Kh7 12. c5 $5 dxc5 13.
Ne6 Bxe6 14. dxe6 Nc6 15. Bxc5 $16 {Pisulinski-Rublevskij, Russia 1992.}) 9.
Rb1 (9. Nd4 Nc5 10. Nb3 $6 {10.b4!} Nfe4 11. Nxe4 Nxe4 12. Qc2 Qf7 13. Be3 (13.
Bxe4 $2 fxe4 14. Qxe4 Bh3 $19) 13... c5 $1 $15 {Rosenthal,D-Rostovtsev, Israel
1992.}) 9... Bd7 10. b4 c6 11. dxc6 Bxc6 $5 (11... bxc6 12. b5 Nc5 13. Nd4 Nfe4
(13... cxb5 $5 {A recent suggestion of Malaniuk.} 14. Bxa8 Qxa8 15. Ndxb5 Rc8
16. Nd5 $16 {Piket,J,Gurevich,M, Groningen 1992.}) 14. Nxe4 Nxe4 15. bxc6 Bxc6
16. Ne6 $16) 12. b5 Bxf3 13. Bxf3 Nc5 14. Be3 Rc8 15. Na4 $14 {Hertneck,G-Lutz,
C, Baden Baden 1992. CBM 33 game 80.}) 8... Nxd5 9. cxd5 Qb5 10. Ng5 {The old
line starts with 10.Ne1.} h6 (10... Na6 11. e4 {11.h4!? (Khalifman,A)} (11. a4
Qb6 12. e3 h6 13. Nh3 g5 $13 {(Khalifman,A)}) 11... c6 12. Re1 fxe4 13. dxc6 d5
$5 14. cxb7 Qxb7 15. Nxe4 dxe4 16. Bxe4 Qb8 17. Bf4 Rxf4 18. gxf4 Bf5 19. Bxa8
Qxa8 20. Rxe7 Kf8 21. Qe2 $13 {Peng Zhaoqin-Ioseliani,N, Shanghai ctW 1992.
CBM 33 game 955.}) (10... Qb6 11. Be3 Na6 (11... Rd8 12. h4 a5 13. Qd2 c6 14.
Rac1 $14 {Khalifman,A-Piskov, Germany 1992.} Qb5) 12. Qd2 c6 13. Rac1 Bd7 14.
Rfd1 Rac8 $14 {Blazquez-Ochoa de Echagüen, Spain 1992.}) (10... c6 11. e4 $1
fxe4 12. Nxe4 Qc4 13. Be3 $14 {Linen Bueono, Georgadze,T, Malaga 1991.}) 11. a4
Qb6 12. Nf3 a5 13. Be3 Na6 14. Qd2 Kh7 15. Ne1 Nb4 16. Nc2 {+/=/=} Nxc2 17.
Qxc2 Bd7 18. Qd3 c6 19. Ra3 Rfc8 20. Rb3 Qa7 21. h4 h5 22. Rc1 cxd5 23. Rxc8
Rxc8 24. Bxd5 Rc7 25. Rc3 Qb6 26. Rxc7 Qxc7 27. Qb3 Qc8 $5 28. Kh2 e6 29. Bxb7
{29. - Bxa4 +/=/=} 1/2-1/2